000
00286nam a2200109Ia 4500
008
180305s9999 xx 000 0 und d
020
_a
312954212
100
_a
Simons, Paulina
245
_c
Paulina Simons
_a
Tully/
260
_a
USA
_b
SMP ST. MArtin Paperbacks
_c
1994
300
_a
685 Pages
999
_c
356044
_d
356044